| 000 | 00952cam a2200325 i 4500 | ||
|---|---|---|---|
| 001 | 1295850 | ||
| 003 | OSt | ||
| 005 | 20230619113919.0 | ||
| 008 | 761124s1976 enk b 001 0 eng | ||
| 010 | _a 76380464 | ||
| 015 | _aGB76-06338 | ||
| 020 |
_a0177110783 : _c$4.95. |
||
| 020 |
_a0177120851 _q(pbk.) |
||
| 040 |
_aDLC _cDLC _dDLC |
||
| 043 | _ae-fr--- | ||
| 050 | 0 | 0 |
_aHM22.F8 _bC573 1976 |
| 082 | 0 | 0 |
_a301/.092/4 _bCOM |
| 100 | 1 |
_aComte, Auguste, _d1798-1857. |
|
| 245 | 0 | 0 |
_aAuguste Comte : _bthe foundation of sociology / _c[edited by] Kenneth Thompson. |
| 260 |
_aLondon : _bNelson, _c1976. |
||
| 300 |
_axiv, 220 p. ; _c23 cm. |
||
| 490 | 0 | _aThe Making of sociology series | |
| 500 | _aIncludes index. | ||
| 504 | _aBibliography: p. 213-214. | ||
| 600 | 1 | 0 |
_aComte, Auguste, _d1798-1857. |
| 650 | 0 | _aSociology. | |
| 700 | 1 |
_aThompson, Kenneth, _d1923- |
|
| 906 |
_a7 _bcbc _corignew _du _encip _f19 _gy-gencatlg |
||
| 942 |
_2ddc _cBK |
||
| 999 |
_c1252 _d1252 |
||